00980 2200349 4500001002100000005001500021035002000036007000300056040001700059100001900076245009200095250001000187300002500197020002200222041000800244082001200252084001800264090002600282264004100308336002100349337003000370338002300400650001300423850001000436008004100446700002800487700001700515260003500532990002100567990002100588990002100609INLIS00000000000951220260420092924 a0010-1222000117ta aSBPUPADbind1 aPopham,James W1 aTeknik Mengajar Secara Sistematis /cW.James Popham,Eva L Baker;penterjemah,Amirul Hadi aCet.6 aix+157 hlm. ;c21 cm a978-979-518-255-90 aind a371.102 a371.102 POP t a633.89 TIM k L 18 R 8 aJakarta :bAgro Media Pustaka,c2006 2rdacontentateks 2rdamediaatanpa perantara 2rdacarrieravolume 4aMengajar aPUPAD260420 0 0 apenterjemah,Amirul Hadi1 aBaker, Eva L aJakarta :bRineka Cipta,c2011 a22027/Br/KAPD/15 a22030/Br/KAPD/15 a22028/Br/KAPD/15